| 000 | 00589nam a22001817a 4500 | ||
|---|---|---|---|
| 005 | 20170215105904.0 | ||
| 008 | 170215b1985 mx ||||| |||| 001 0 spa d | ||
| 020 | _a9684010877 | ||
| 050 | 0 | 4 |
_aKGF2579 _bB43 1985 |
| 100 | 1 |
_aBecerra Bautista, José, _eautor |
|
| 245 | 1 | 0 |
_aIntroducción al estudio del derecho procesal civil / _cJosé Becerra Bautista. |
| 250 | _aCuarta edición | ||
| 260 |
_aMéxico : _bCárdenas Editor y Distribuidor, _c1985 |
||
| 300 |
_a282 páginas ; _c20 cm. |
||
| 504 | _aIncluye índice | ||
| 650 | 7 |
_2lemb _aProcedimiento civil _zMéxico |
|
| 942 |
_2lcc _cLIB |
||
| 999 |
_c127700 _d127700 |
||